00325nam a2200121Ia 4500008004100000041000800041082001600049100001700065245004400082260003700126300003300163365000700196240624s9999 xx 000 0 und d aeng a658.812 MOO aMOONEY KELLY aTEN DEMANDMENTS RULES TO LIVE BY IN AGE c2003aNew DelhibTata McGrawhill axviii, : 266 : p. : cm. ; 23 cRS